00782nam a2200169 a 450000100100000000500170001000800410002704000250006808200150009310000280010824500620013626001030019830000190030150001620032095201130048299900170059500003189920200930063251.0110707s2008 dr 000 0 spa d aDO-SdBNPbspacBNPHU axxxxbJ36t1 aJáquez, Inés95809210aTransición :bpinturas y esculturas /cInés Jáquez. aSanto Domingo, :bLa Galería del Hotel Intercontinental V Centenario Santo Santo Domingo,c2008. a4 p. ;c21 cm. a"Transición" exposición individual de la artista Inés Jáquez de Bidó realizada el lunes 29 de abril a las 7:30 de la noche en el Hotel V Centenario 0010718PDaPDbPDcCTd2011-07-07iLF1l0oxxxx J36tp31899-10r2020-06-25w2020-06-25yLFPDZNo se presta c31390d31390